| 000 | 01609aab a2200193 i 4500 | ||
|---|---|---|---|
| 001 | 768714001 | ||
| 003 | CO-MdFUSB | ||
| 005 | 20240424112856.0 | ||
| 008 | 240424t1998 ck ||||| |||| 00| 0 spa d | ||
| 040 |
_bspa _cCO-MdFUSB |
||
| 041 | _aspa | ||
| 100 | 1 |
_aSolano, Lilia _eautor |
|
| 245 | 1 | 3 |
_aLa "globalización" al fin del milenio _c/ Lilia Solano |
| 300 |
_aVolumen 18, número 1 y 2 (enero - Julio, 1999), páginas: 25-28 _c; 27 cm |
||
| 520 | _aDesde la creación del Universo, ya se mueve de un extremo al otro y se piensa que todo se puede lograr. El Antiguo Testamento describe la revelación de Dios que rodea al mundo entero con preocupaciones creativas. El significado de "Del amanecer al anochecer" se ha convertido en un lenguaje universal. Algunos sociólogos sostienen que nuestra sociedad tiene una historia de varios mundos. Aunque la Gran Comisión parece ser un mandato universal que Jesús dio a sus discípulos. Por ejemplo, en el Antiguo Testamento, muchas personas que no adoran a Dios miran hacia toda la tierra y el profeta predica la palabra de Dios desde ellos. Sin embargo, en nuestra época los efectos del mundo no se pueden evitar. No es posible separar nuestro proyecto de bienestar humano de nuestras responsabilidades para con el mundo. Tenemos responsabilidades en la vida y nuestro compromiso con la realidad es la vida misma. Si el universo se desequilibra, también lo hace la humanidad | ||
| 653 | _aGlobalización | ||
| 773 | 0 |
_tIglesia y Misión _049402 _959632 _gVolumen 18, número 1 y 2 (enero - Julio, 1999), páginas: 25-28 _qpáginas: 25 |
|
| 942 | _cANA | ||
| 999 |
_c52352 _d52352 |
||